[Event "Teplice op 10th"]
[Site "Teplice"]
[Date "2015.06.17"]
[Round "5"]
[White "Hellinger, Jan"]
[Black "Kuznetsova, Luba"]
[Result "0-1"]
[WhiteElo "1650"]
[BlackElo "2056"]
[PlyCount "56"]
[EventDate "2015.06.13"]
[EventType "swiss"]
[EventRounds "9"]
[EventCountry "CZE"]
[SourceTitle "EXT 2017"]
[Source "ChessBase"]
[SourceDate "2016.10.25"]
[SourceVersion "1"]
[SourceVersionDate "2016.10.25"]
[SourceQuality "1"]

1. d4 Nf6 2. c4 g6 3. Nf3 Bg7 4. Nc3 d6 5. g3 0-0 6. Bg2 c6 7. 0-0 Nbd7 8. Bg5 Qc7 9. Rb1 h6 10. Bxf6 Nxf6 11. b4 e5 12. e4 Bg4 13. dxe5 dxe5 14. Qc2 Rfd8 15. Rfd1 Bf8 16. h3 Rxd1+ 17. Nxd1 Bxf3 18. Bxf3 Rd8 19. Ne3 Rd4 20. Rd1 Rxd1+ 21. Qxd1 Bxb4 22. Qb3 Bc5 23. Ng4 Nxg4 24. Bxg4 h5 25. Bf3 Qd7 26. Qb2 Bd4 27. Qb3 Qxh3 28. Qxb7 Qxg3+ 0-1

[Event "Teplice op 10th"]
[Site "Teplice"]
[Date "2015.06.13"]
[Round "1"]
[White "Hellinger, Jan"]
[Black "Mokal, Amruta Sunil"]
[Result "0-1"]
[WhiteElo "1650"]
[BlackElo "2136"]
[PlyCount "48"]
[EventDate "2015.06.13"]
[EventType "swiss"]
[EventRounds "9"]
[EventCountry "CZE"]
[SourceTitle "EXT 2017"]
[Source "ChessBase"]
[SourceDate "2016.10.25"]
[SourceVersion "1"]
[SourceVersionDate "2016.10.25"]
[SourceQuality "1"]

1. d4 Nf6 2. c4 e6 3. Nc3 Bb4 4. Qc2 c5 5. a3 Bxc3+ 6. Qxc3 cxd4 7. Qxd4 Nc6 8. Qd1 Ne4 9. Nf3 d5 10. e3 0-0 11. Be2 dxc4 12. Qxd8 Rxd8 13. Bxc4 Na5 14. Ba2 Nc5 15. Nd2 b6 16. 0-0 Ba6 17. Re1 Nd3 18. Rd1 Nxc1 19. Raxc1 Be2 20. b4 Bxd1 21. Rxd1 Rac8 22. Kf1 Rc2 23. bxa5 Rxa2 24. axb6 Rdxd2 0-1

[Event "Tabor op"]
[Site "Tabor"]
[Date "2013.07.28"]
[Round "1"]
[White "Ruzicka, Ales"]
[Black "Hellinger, Jan"]
[Result "1-0"]
[WhiteElo "2054"]
[BlackElo "1621"]
[PlyCount "45"]
[EventDate "2013.07.28"]
[EventType "swiss"]
[EventRounds "9"]
[EventCountry "CZE"]
[SourceTitle "CBM 155 Extra"]
[Source "ChessBase"]
[SourceDate "2013.08.26"]
[SourceVersion "1"]
[SourceVersionDate "2013.08.26"]
[SourceQuality "1"]

1. e4 c5 2. Nf3 d6 3. d4 cxd4 4. Nxd4 Nf6 5. Nc3 a6 6. Bg5 e6 7. f4 Be7 8. Qf3 Nfd7 9. Bxe7 Qxe7 10. 0-0-0 Nc6 11. Qg3 0-0 12. Be2 Nf6 13. Bf3 Nxd4 14. Rxd4 Rb8 15. Rhd1 Rd8 16. e5 Ne8 17. f5 d5 18. f6 Qf8 19. fxg7 Qe7 20. Bh5 Bd7 21. Rf1 f5 22. exf6 Nxf6 23. Rdf4 1-0

[Event "Teplice op 8th"]
[Site "Teplice"]
[Date "2013.06.22"]
[Round "8"]
[White "Purkyt, Jaroslav"]
[Black "Hellinger, Jan"]
[Result "1/2-1/2"]
[WhiteElo "1764"]
[BlackElo "1630"]
[PlyCount "60"]
[EventDate "2013.06.15"]
[EventType "swiss"]
[EventRounds "9"]
[EventCountry "CZE"]
[SourceTitle "CBM 155 Extra"]
[Source "ChessBase"]
[SourceDate "2013.08.26"]
[SourceVersion "1"]
[SourceVersionDate "2013.08.26"]
[SourceQuality "1"]

1. f4 d5 2. Nf3 Nf6 3. e3 c6 4. b3 Bg4 5. Bb2 Nbd7 6. Be2 g6 7. 0-0 Qc7 8. d3 Bg7 9. h3 Bxf3 10. Bxf3 0-0 11. Nd2 Ne8 12. Bxg7 Nxg7 13. Qe2 Qb6 14. Qf2 Nf6 15. Rae1 Rad8 16. e4 Qxf2+ 17. Rxf2 dxe4 18. Bxe4 e6 19. Nc4 Nd5 20. Bxd5 exd5 21. Nd2 Rfe8 22. Rfe2 Rxe2 23. Rxe2 Re8 24. Rxe8+ Nxe8 25. Kf2 f6 26. d4 Nd6 27. g4 Kf7 28. Kf3 Ke6 29. c3 f5 30. gxf5+ Nxf5 1/2-1/2

[Event "Tabor op"]
[Site "Tabor"]
[Date "2012.08.04"]
[Round "8"]
[White "Hellinger, Jan"]
[Black "Privoznik, Lubos"]
[Result "1/2-1/2"]
[WhiteElo "1633"]
[BlackElo "1666"]
[PlyCount "59"]
[EventDate "2012.07.29"]
[EventType "swiss"]
[EventRounds "9"]
[EventCountry "CZE"]
[SourceTitle "EXT 2013"]
[Source "ChessBase"]
[SourceDate "2012.11.22"]
[SourceVersion "1"]
[SourceVersionDate "2012.11.22"]
[SourceQuality "1"]

1. d4 Nf6 2. Nf3 e6 3. c4 b6 4. g3 Bb4+ 5. Bd2 Bxd2+ 6. Nbxd2 Bb7 7. Bg2 0-0 8. 0-0 d6 9. Qc2 Nbd7 10. e4 e5 11. d5 a5 12. a3 Qe7 13. Ne1 Nc5 14. Nd3 Rfb8 15. Rfe1 Nxd3 16. Qxd3 Nd7 17. b4 Qg5 18. Bh3 Nf8 19. Nf3 Qh5 20. Bg2 Nd7 21. Qe3 h6 22. Nh4 Bc8 23. Nf5 Nf8 24. Bf3 Qg5 25. Qxg5 hxg5 26. Ne7+ Kh7 27. Nc6 Rb7 28. Nd8 Rba7 29. Nc6 Rb7 30. Nd8 1/2-1/2

[Event "Tabor op"]
[Site "Tabor"]
[Date "2012.08.03"]
[Round "7"]
[White "Milostny, Milos"]
[Black "Hellinger, Jan"]
[Result "1-0"]
[WhiteElo "1955"]
[BlackElo "1633"]
[PlyCount "123"]
[EventDate "2012.07.29"]
[EventType "swiss"]
[EventRounds "9"]
[EventCountry "CZE"]
[SourceTitle "EXT 2013"]
[Source "ChessBase"]
[SourceDate "2012.11.22"]
[SourceVersion "1"]
[SourceVersionDate "2012.11.22"]
[SourceQuality "1"]

1. Nf3 Nf6 2. c4 e6 3. b3 g6 4. Bb2 Bg7 5. e3 0-0 6. Be2 b6 7. 0-0 Bb7 8. d3 c5 9. Nbd2 Re8 10. Rc1 d6 11. a3 Nc6 12. d4 Ne7 13. Qc2 cxd4 14. Nxd4 d5 15. Rfd1 a6 16. Qb1 Nf5 17. Nxf5 exf5 18. Bf1 Qe7 19. Qa1 Nh5 20. Bxg7 Nxg7 21. cxd5 Bxd5 22. Nc4 Bxc4 23. Rxc4 b5 24. Rc6 h5 25. Rdd6 Reb8 26. Rxa6 Rxa6 27. Rxa6 Qc7 28. Qd1 Ne8 29. a4 Rd8 30. Qb1 bxa4 31. Rxa4 Nf6 32. Rc4 Qe5 33. Qc1 Kg7 34. Rc5 Qb8 35. Bc4 Ne4 36. Rd5 Rc8 37. Qa1+ Kh6 38. Rd7 f6 39. Rd1 Qb4 40. h4 Qb8 41. Qd4 Rf8 42. f3 Ng3 43. Qf4+ Qxf4 44. exf4 g5 45. fxg5+ fxg5 46. Rd6+ Kg7 47. hxg5 Re8 48. Re6 Rd8 49. Kf2 f4 50. Ke1 Ra8 51. Ra6 Re8+ 52. Kd2 Rd8+ 53. Kc3 Nf5 54. b4 h4 55. Ra2 Ne3 56. Kb3 Rd1 57. Rb2 Rg1 58. Bd3 Nxg2 59. b5 Ne3 60. b6 Rxg5 61. Ka4 Kf6 62. b7 1-0

[Event "Tabor op"]
[Site "Tabor"]
[Date "2012.07.30"]
[Round "2"]
[White "Hellinger, Jan"]
[Black "Paulik, Vaclav"]
[Result "0-1"]
[WhiteElo "1633"]
[BlackElo "1878"]
[PlyCount "94"]
[EventDate "2012.07.29"]
[EventType "swiss"]
[EventRounds "9"]
[EventCountry "CZE"]
[SourceTitle "EXT 2013"]
[Source "ChessBase"]
[SourceDate "2012.11.22"]
[SourceVersion "1"]
[SourceVersionDate "2012.11.22"]
[SourceQuality "1"]

1. Nf3 c5 2. c4 Nc6 3. Nc3 g6 4. g3 Bg7 5. Bg2 e6 6. e3 d5 7. cxd5 exd5 8. d4 c4 9. a3 Nf6 10. 0-0 0-0 11. b3 Na5 12. Nd2 cxb3 13. Nxb3 Nc4 14. Re1 Re8 15. a4 Bf5 16. Ra2 Rc8 17. Bd2 Bf8 18. Ne2 Bg4 19. h3 Bf5 20. Nf4 Ne4 21. g4 Ncxd2 22. Nxd2 Be6 23. Qf3 Bb4 24. Rd1 Nxd2 25. Raxd2 Bxd2 26. Rxd2 Rc1+ 27. Kh2 Qc7 28. h4 h6 29. Kh3 Rd8 30. Nxe6 fxe6 31. Qf6 Kh7 32. Qxe6 Rc6 33. Qe5 Qxe5 34. dxe5 Rc5 35. Rd3 Kg7 36. Kg3 b6 37. f4 b5 38. axb5 Rxb5 39. Bf3 a5 40. f5 gxf5 41. gxf5 a4 42. Be2 Rb3 43. Kf4 Rxd3 44. Bxd3 Rb8 45. f6+ Kf7 46. h5 a3 47. Bg6+ Ke6 0-1

[Event "Teplice op 6th"]
[Site "Teplice"]
[Date "2011.06.16"]
[Round "6"]
[White "Hellinger, Jan"]
[Black "Srkal, Miroslav"]
[Result "0-1"]
[WhiteElo "1670"]
[BlackElo "1828"]
[PlyCount "94"]
[EventDate "2011.06.11"]
[EventType "swiss"]
[EventRounds "9"]
[EventCountry "CZE"]
[SourceTitle "CBM 142 Extra"]
[Source "ChessBase"]
[SourceDate "2011.06.27"]
[SourceVersion "1"]
[SourceVersionDate "2011.06.27"]
[SourceQuality "1"]

1. d4 d5 2. c4 e6 3. Nc3 Nf6 4. Bg5 Be7 5. Nf3 c6 6. e3 h6 7. Bh4 Nbd7 8. Rc1 0-0 9. Bd3 dxc4 10. Bxc4 b5 11. Bd3 Bb7 12. 0-0 a6 13. Re1 c5 14. Bxf6 Bxf6 15. dxc5 Nxc5 16. Be2 Qxd1 17. Nxd1 Rac8 18. Bf1 Na4 19. Rxc8 Rxc8 20. b3 Nb6 21. e4 Rc1 22. Bd3 Be7 23. Ne3 Rxe1+ 24. Nxe1 Nd7 25. Bb1 Bc5 26. Nf3 Bxe3 27. fxe3 Kf8 28. Kf2 Ke7 29. b4 Nf6 30. Ke2 Nxe4 31. Bxe4 Bxe4 32. g3 Bxf3+ 33. Kxf3 Kd6 34. e4 Ke5 35. Ke3 f5 36. exf5 Kxf5 37. h3 e5 38. g4+ Ke6 39. h4 Kd5 40. Kd3 g5 41. hxg5 hxg5 42. Ke3 e4 43. Ke2 Kd4 44. Kd2 e3+ 45. Ke2 Ke4 46. Ke1 Kf3 47. Kf1 Kxg4 0-1

[Event "Teplice op 6th"]
[Site "Teplice"]
[Date "2011.06.15"]
[Round "5"]
[White "Kotrba, Matej"]
[Black "Hellinger, Jan"]
[Result "1-0"]
[WhiteElo "1938"]
[BlackElo "1670"]
[PlyCount "69"]
[EventDate "2011.06.11"]
[EventType "swiss"]
[EventRounds "9"]
[EventCountry "CZE"]
[SourceTitle "CBM 142 Extra"]
[Source "ChessBase"]
[SourceDate "2011.06.27"]
[SourceVersion "1"]
[SourceVersionDate "2011.06.27"]
[SourceQuality "1"]

1. e4 c5 2. Nc3 Nc6 3. f4 e6 4. Nf3 d5 5. d3 a6 6. a4 b6 7. g3 dxe4 8. Nxe4 Nf6 9. Nxf6+ Qxf6 10. Bg2 Rb8 11. f5 Nd4 12. fxe6 Nxf3+ 13. Bxf3 Qxe6+ 14. Kf2 Qd6 15. c3 Qc7 16. Re1+ Be6 17. Bd5 Kd7 18. Bxe6+ fxe6 19. Qg4 Qc6 20. Bf4 Re8 21. d4 h5 22. Qg6 Be7 23. d5 exd5 24. Qxc6+ Kxc6 25. Re6+ Kd7 26. Rxb6 g5 27. Be5 Rhf8+ 28. Kg2 Rf5 29. Re1 Ref8 30. Rb7+ Kd8 31. Ra7 Rf2+ 32. Kg1 c4 33. Bd4 R2f7 34. Rexe7 Rxe7 35. Ra8+ 1-0

[Event "Teplice op 6th"]
[Site "Teplice"]
[Date "2011.06.11"]
[Round "1"]
[White "Rubes, Jan"]
[Black "Hellinger, Jan"]
[Result "1-0"]
[WhiteElo "2088"]
[BlackElo "1670"]
[PlyCount "101"]
[EventDate "2011.06.11"]
[EventType "swiss"]
[EventRounds "9"]
[EventCountry "CZE"]
[SourceTitle "CBM 142 Extra"]
[Source "ChessBase"]
[SourceDate "2011.06.27"]
[SourceVersion "1"]
[SourceVersionDate "2011.06.27"]
[SourceQuality "1"]

1. e4 c5 2. Nf3 d6 3. d4 cxd4 4. Nxd4 Nf6 5. Nc3 a6 6. Be3 e5 7. Nb3 Be7 8. Qd2 0-0 9. f3 Be6 10. 0-0-0 b5 11. g4 Nfd7 12. h4 Nb6 13. Nd5 Bxd5 14. exd5 Nc4 15. Bxc4 bxc4 16. Na5 f5 17. Nxc4 Nd7 18. Qd3 f4 19. Bf2 Rc8 20. Kb1 Nc5 21. Bxc5 Rxc5 22. Rh2 Qc7 23. Nd2 Rb8 24. Ne4 Rcb5 25. c4 Rb4 26. Rc1 Qb6 27. Qc3 a5 28. h5 a4 29. h6 gxh6 30. c5 dxc5 31. Qxe5 c4 32. a3 Rb3 33. d6 Bd8 34. Nc5 Bf6 35. Qe6+ Kg7 36. Nxb3 Qxb3 37. Rcc2 Qd3 38. Kc1 Qf1+ 39. Kd2 Qd3+ 40. Ke1 c3 41. Rxh6 Qd4 42. Qxf6+ Qxf6 43. Rxf6 Kxf6 44. bxc3 Ke6 45. Rd2 Kd7 46. c4 Rc8 47. Rd4 Rc5 48. Ke2 h5 49. gxh5 Rxh5 50. Kd3 Rc5 51. Ke4 1-0

[Event "Karlovy Vary op"]
[Site "Karlovy Vary"]
[Date "2011.05.02"]
[Round "6"]
[White "Bechynsky, Jan"]
[Black "Hellinger, Jan"]
[Result "1/2-1/2"]
[WhiteElo "1831"]
[BlackElo "1667"]
[PlyCount "70"]
[EventDate "2011.04.28"]
[EventType "swiss"]
[EventRounds "8"]
[EventCountry "CZE"]
[SourceTitle "CBM 142 Extra"]
[Source "ChessBase"]
[SourceDate "2011.06.27"]
[SourceVersion "1"]
[SourceVersionDate "2011.06.27"]
[SourceQuality "1"]

1. e4 c5 2. c3 d6 3. d4 cxd4 4. cxd4 a6 5. Nc3 e6 6. Be3 Be7 7. f4 Nf6 8. Be2 Qa5 9. Bf3 0-0 10. Nge2 Nfd7 11. 0-0 Nc6 12. d5 Na7 13. Nd4 Nf6 14. Nb3 Qd8 15. Qd3 Bd7 16. dxe6 fxe6 17. e5 Ne8 18. Bxb7 Nb5 19. Bxa8 Qxa8 20. Nd4 Nxd4 21. Bxd4 Bc6 22. Qg3 Rf5 23. exd6 Bxd6 24. Rae1 h6 25. Rxe6 Rg5 26. fxg5 Bxg3 27. hxg3 hxg5 28. Rfe1 Kh7 29. Re7 Kg6 30. Nd5 Kh6 31. Nc7 Nxc7 32. Rxc7 Bb5 33. Bxg7+ Kh5 34. Kh2 Qd8 35. Be5 Qd3 1/2-1/2

[Event "Karlovy Vary op"]
[Site "Karlovy Vary"]
[Date "2011.05.02"]
[Round "7"]
[White "Dolezal, Rudolf"]
[Black "Hellinger, Jan"]
[Result "1-0"]
[WhiteElo "1863"]
[BlackElo "1667"]
[PlyCount "41"]
[EventDate "2011.04.28"]
[EventType "swiss"]
[EventRounds "8"]
[EventCountry "CZE"]
[SourceTitle "CBM 142 Extra"]
[Source "ChessBase"]
[SourceDate "2011.06.27"]
[SourceVersion "1"]
[SourceVersionDate "2011.06.27"]
[SourceQuality "1"]

1. g3 d5 2. d4 Nf6 3. Bg2 c6 4. Nf3 Bf5 5. 0-0 Qd7 6. Nc3 Bh3 7. Ne5 Qc8 8. Qd3 Bxg2 9. Kxg2 e6 10. f4 Be7 11. g4 h6 12. g5 hxg5 13. fxg5 Nbd7 14. gxf6 Nxf6 15. Bg5 Qc7 16. Bf4 Bd6 17. Qg3 0-0-0 18. Nd3 Bxf4 19. Qxf4 Qe7 20. b4 g5 21. Qxf6 1-0

[Event "Karlovy Vary op"]
[Site "Karlovy Vary"]
[Date "2011.04.30"]
[Round "4"]
[White "Tejcek, Bohumil"]
[Black "Hellinger, Jan"]
[Result "0-1"]
[WhiteElo "1792"]
[BlackElo "1667"]
[PlyCount "126"]
[EventDate "2011.04.28"]
[EventType "swiss"]
[EventRounds "8"]
[EventCountry "CZE"]
[SourceTitle "CBM 142 Extra"]
[Source "ChessBase"]
[SourceDate "2011.06.27"]
[SourceVersion "1"]
[SourceVersionDate "2011.06.27"]
[SourceQuality "1"]

1. d4 Nf6 2. Bg5 e6 3. e3 d5 4. Nf3 Be7 5. c4 c6 6. Nc3 Nbd7 7. Rc1 0-0 8. Qc2 h6 9. Bh4 Re8 10. Bd3 dxc4 11. Bxc4 Nd5 12. Bxe7 Qxe7 13. a3 Nxc3 14. Qxc3 e5 15. 0-0 e4 16. Nd2 Nf6 17. Ba2 Bf5 18. b4 Be6 19. Bb1 Bd5 20. Qc2 Rac8 21. Qd1 Qe6 22. Rc3 Qg4 23. h3 Qd7 24. Nb3 b6 25. Nc1 Qd6 26. Ne2 g5 27. Ng3 Qd7 28. Nh5 Qe6 29. Nxf6+ Qxf6 30. Qe2 Kg7 31. Rfc1 Qe6 32. Qc2 f5 33. b5 Re7 34. bxc6 Rec7 35. Qe2 Rxc6 36. Rxc6 Rxc6 37. Rxc6 Qxc6 38. Qc2 Kf6 39. Qxc6+ Bxc6 40. Kf1 Bd5 41. Bc2 h5 42. Bd1 h4 43. Be2 Bc6 44. Ba6 Ba4 45. Bb7 Bb5+ 46. Ke1 Bd3 47. Bc6 b5 48. Bb7 a5 49. Bc6 b4 50. axb4 axb4 51. Ba4 Ke6 52. Bb3+ Kd6 53. d5 Ba6 54. f3 Bb7 55. fxe4 fxe4 56. Bc2 Bxd5 57. Kf2 Kc5 58. g3 Kc4 59. gxh4 gxh4 60. Ke2 Kc3 61. Kd1 Bb3 62. Bxb3 Kxb3 63. Kc1 Kc3 0-1

[Event "Tabor op"]
[Site "Tabor"]
[Date "2010.08.06"]
[Round "7"]
[White "Hellinger, Jan"]
[Black "Misicko, Jan Jr"]
[Result "1-0"]
[WhiteElo "1680"]
[BlackElo "1368"]
[PlyCount "105"]
[EventDate "2010.08.01"]
[EventType "swiss"]
[EventRounds "9"]
[EventCountry "CZE"]
[SourceTitle "EXT 2012"]
[Source "ChessBase"]
[SourceDate "2011.11.24"]
[SourceVersion "1"]
[SourceVersionDate "2011.11.24"]
[SourceQuality "1"]

1. d4 f5 2. c4 d5 3. Nc3 e6 4. Nf3 Nf6 5. g3 Bb4 6. Bg2 Ne4 7. Qc2 Nc6 8. 0-0 0-0 9. cxd5 exd5 10. a3 Ba5 11. e3 Bxc3 12. bxc3 Be6 13. Ne1 Qe7 14. a4 Qf6 15. Nd3 b6 16. Nf4 Na5 17. Nd3 Nd6 18. Ba3 Nac4 19. Nb4 Nxa3 20. Rxa3 Qf7 21. Raa1 Nc4 22. Nd3 h6 23. Qe2 Rac8 24. Nf4 a5 25. Qf3 Nd2 26. Qe2 Nxf1 27. Kxf1 c5 28. Qb5 cxd4 29. cxd4 Rfe8 30. Qxb6 Rb8 31. Qxa5 Ra8 32. Qb5 Qd7 33. Qxd7 Bxd7 34. Bxd5+ Kh8 35. Bxa8 Rxa8 36. a5 g5 37. Nd5 Kg7 38. Nb6 Bb5+ 39. Ke1 Ra6 40. Nd5 Ra7 41. Kd2 Kf7 42. h4 Ke6 43. Nc3 Bc6 44. hxg5 hxg5 45. d5+ Bxd5 46. Nxd5 Kxd5 47. f3 Ra6 48. Kd3 Kc5 49. e4 f4 50. gxf4 gxf4 51. Kc3 Ra8 52. a6 Ra7 53. Ra3 1-0

[Event "Tabor op"]
[Site "Tabor"]
[Date "2010.08.04"]
[Round "5"]
[White "Hellinger, Jan"]
[Black "Fakan, Petr"]
[Result "0-1"]
[WhiteElo "1680"]
[BlackElo "1324"]
[PlyCount "62"]
[EventDate "2010.08.01"]
[EventType "swiss"]
[EventRounds "9"]
[EventCountry "CZE"]
[SourceTitle "EXT 2012"]
[Source "ChessBase"]
[SourceDate "2011.11.24"]
[SourceVersion "1"]
[SourceVersionDate "2011.11.24"]
[SourceQuality "1"]

1. d4 d5 2. c4 Nc6 3. e3 Nf6 4. Nc3 e5 5. dxe5 Nxe5 6. cxd5 Bd6 7. e4 0-0 8. Bg5 Qe7 9. a3 Ned7 10. Be2 Be5 11. f4 Bxc3+ 12. bxc3 Qxe4 13. c4 Nc5 14. Nf3 Re8 15. Bxf6 Nd3+ 16. Kf1 Nxf4 17. Be5 Rxe5 18. Ra2 Bg4 19. Rd2 Rae8 20. Rg1 Bxf3 21. Bxf3 Qxc4+ 22. Kf2 Qc3 23. Kg3 Qe3 24. a4 Rg5+ 25. Kh4 Qe7 26. g4 Rxd5+ 27. Kg3 Rxd2 28. Qxd2 Ne6 29. Rd1 Rd8 30. Qb2 Rxd1 31. Bxd1 Qd6+ 0-1

[Event "Tabor op"]
[Site "Tabor"]
[Date "2010.08.03"]
[Round "4"]
[White "Zilavy, Jan"]
[Black "Hellinger, Jan"]
[Result "0-1"]
[WhiteElo "1471"]
[BlackElo "1680"]
[PlyCount "75"]
[EventDate "2010.08.01"]
[EventType "swiss"]
[EventRounds "9"]
[EventCountry "CZE"]
[SourceTitle "EXT 2012"]
[Source "ChessBase"]
[SourceDate "2011.11.24"]
[SourceVersion "1"]
[SourceVersionDate "2011.11.24"]
[SourceQuality "1"]

1. e4 c5 2. Nf3 e6 3. d4 cxd4 4. Nxd4 a6 5. Nc3 Be7 6. Bd3 d6 7. 0-0 e5 8. Nb3 Nc6 9. Bc4 Nf6 10. Be3 Qc7 11. Nd5 Nxd5 12. Bxd5 Nb4 13. c4 Nxd5 14. cxd5 0-0 15. Rc1 Qd8 16. a4 f5 17. f3 f4 18. Bf2 Bd7 19. a5 Bb5 20. Re1 Qd7 21. Bb6 Bh4 22. Rc7 Qe8 23. Rxb7 Bxe1 24. Qxe1 Rc8 25. Qb4 Rc2 26. h3 Qg6 27. Bf2 Rfc8 28. Rxb5 axb5 29. Qxb5 Rxb2 30. a6 Qe8 31. Qb6 Qd8 32. Qxd8+ Rxd8 33. Bb6 Ra8 34. a7 Rxb3 35. Bc7 Rxa7 36. Bxd6 Ra1+ 37. Kh2 Rbb1 38. g4 0-1

[Event "Tabor op"]
[Site "Tabor"]
[Date "2010.08.02"]
[Round "3"]
[White "Hellinger, Jan"]
[Black "Riha, Frantisek"]
[Result "0-1"]
[WhiteElo "1680"]
[BlackElo "1465"]
[PlyCount "74"]
[EventDate "2010.08.01"]
[EventType "swiss"]
[EventRounds "9"]
[EventCountry "CZE"]
[SourceTitle "EXT 2012"]
[Source "ChessBase"]
[SourceDate "2011.11.24"]
[SourceVersion "1"]
[SourceVersionDate "2011.11.24"]
[SourceQuality "1"]

1. d4 d5 2. c4 e6 3. Nc3 Nf6 4. Bg5 Be7 5. e3 Nc6 6. Nf3 0-0 7. Rc1 b6 8. Qa4 Bd7 9. Qd1 Ne4 10. Bxe7 Nxe7 11. Bd3 f5 12. Ne5 Be8 13. Be2 Ng6 14. 0-0 Nxe5 15. dxe5 c6 16. Nb1 Qh4 17. Nd2 Ng5 18. f4 Nf7 19. Nf3 Qe7 20. Qc2 Rd8 21. Qc3 c5 22. Bd3 Bc6 23. cxd5 exd5 24. Bxf5 Nh6 25. Bh3 Bd7 26. Bxd7 Rxd7 27. Qc2 Nf5 28. Rfe1 d4 29. exd4 cxd4 30. Qc4+ Kh8 31. Qd3 Qe6 32. b3 Qd5 33. Re2 Ne3 34. Ng5 g6 35. Ne4 Rxf4 36. Rc8+ Kg7 37. Nf6 Rf1# 0-1

[Event "Tabor op"]
[Site "Tabor"]
[Date "2010.08.01"]
[Round "1"]
[White "Hellinger, Jan"]
[Black "Mazur, David"]
[Result "0-1"]
[WhiteElo "1680"]
[BlackElo "2073"]
[PlyCount "97"]
[EventDate "2010.08.01"]
[EventType "swiss"]
[EventRounds "9"]
[EventCountry "CZE"]
[SourceTitle "EXT 2012"]
[Source "ChessBase"]
[SourceDate "2011.11.24"]
[SourceVersion "1"]
[SourceVersionDate "2011.11.24"]
[SourceQuality "1"]

1. d4 Nf6 2. c4 e6 3. Nc3 Bb4 4. Qc2 0-0 5. a3 Bxc3+ 6. Qxc3 d5 7. Bg5 c6 8. Nf3 Nbd7 9. e3 h6 10. Bh4 g5 11. Bg3 Ne4 12. Qc2 f5 13. Be5 g4 14. Nd2 Nxe5 15. dxe5 Qh4 16. g3 Qg5 17. Bg2 Bd7 18. Rf1 Rf7 19. 0-0-0 b5 20. c5 a5 21. b3 Qe7 22. Nxe4 fxe4 23. h3 h5 24. hxg4 hxg4 25. Rh1 Qg5 26. Kb2 Qxe5+ 27. Rd4 Raf8 28. Rf1 Qg7 29. Kb1 e5 30. Rd2 Bf5 31. Ka2 Qf6 32. Qc3 Qg7 33. Qc2 b4 34. a4 Rd7 35. Qb2 Qe7 36. Rc1 Rfd8 37. Rcd1 Qxc5 38. Rc1 Qd6 39. Rdc2 Rc8 40. Rc5 Rdc7 41. Bf1 Rf7 42. Rxa5 c5 43. Be2 Rfc7 44. Rc2 c4 45. Kb1 c3 46. Qc1 Be6 47. Ka2 d4 48. exd4 exd4 49. Rg5+ 0-1

[Event "Teplice op 5th"]
[Site "Teplice"]
[Date "2010.06.18"]
[Round "7"]
[White "Hellinger, Jan"]
[Black "Mriso, Milos"]
[Result "1-0"]
[WhiteElo "1625"]
[BlackElo "1855"]
[PlyCount "103"]
[EventDate "2010.06.12"]
[EventType "swiss"]
[EventRounds "9"]
[EventCountry "CZE"]
[SourceTitle "CBM 136 Extra"]
[Source "ChessBase"]
[SourceDate "2010.07.02"]
[SourceVersion "2"]
[SourceVersionDate "2010.07.15"]
[SourceQuality "1"]

1. d4 c6 2. c4 d5 3. Nf3 Nf6 4. Nc3 Bf5 5. Qb3 Qb6 6. Qd1 e6 7. a3 a5 8. Na4 Qc7 9. e3 h6 10. Be2 Be7 11. c5 Nbd7 12. 0-0 0-0 13. Nc3 e5 14. Bd2 e4 15. Nh4 Bh7 16. g3 Kh8 17. Ng2 Ng8 18. Nf4 g5 19. Ng2 f5 20. Kh1 Bf6 21. Rg1 Ne7 22. Rf1 Ng6 23. Bh5 Bg7 24. Bxg6 Bxg6 25. Ne2 b6 26. cxb6 Qxb6 27. Bc3 Bh5 28. Qd2 Bf3 29. Kg1 Qb5 30. Rfe1 Nb6 31. Nc1 a4 32. Qc2 Rfc8 33. Bb4 Nd7 34. Rb1 c5 35. dxc5 Nxc5 36. Bc3 Ne6 37. Bxg7+ Kxg7 38. Qd2 Rc5 39. b4 Rc4 40. Qb2+ d4 41. Ne2 Qd5 42. exd4 Rac8 43. Ne3 Qd7 44. Nxc4 Rxc4 45. d5+ Kh7 46. dxe6 Qxe6 47. Nd4 Qd7 48. Nxf3 exf3 49. Rec1 Rd4 50. Rc7 Qxc7 51. Qxd4 Kg6 52. Qd5 1-0

[Event "Teplice op 5th"]
[Site "Teplice"]
[Date "2010.06.15"]
[Round "4"]
[White "Horyna, Josef"]
[Black "Hellinger, Jan"]
[Result "1-0"]
[WhiteElo "1914"]
[BlackElo "1625"]
[PlyCount "105"]
[EventDate "2010.06.12"]
[EventType "swiss"]
[EventRounds "9"]
[EventCountry "CZE"]
[SourceTitle "CBM 136 Extra"]
[Source "ChessBase"]
[SourceDate "2010.07.02"]
[SourceVersion "2"]
[SourceVersionDate "2010.07.15"]
[SourceQuality "1"]

1. d4 Nf6 2. Bg5 e6 3. Bxf6 Qxf6 4. Nf3 d5 5. e3 Bd6 6. c3 Nd7 7. Bd3 c6 8. Nbd2 e5 9. dxe5 Nxe5 10. Nxe5 Bxe5 11. h3 Be6 12. Nf3 Bc7 13. Rc1 Rd8 14. Qa4 Bb6 15. a3 Qh6 16. Qf4 Qxf4 17. exf4 Bc7 18. f5 Bc8 19. 0-0 0-0 20. Rfe1 Rfe8 21. b4 a6 22. g4 Bf4 23. Rcd1 h6 24. Kf1 Bd7 25. Rxe8+ Rxe8 26. c4 Kf8 27. cxd5 cxd5 28. Be2 Rc8 29. Rxd5 Rc1+ 30. Rd1 Rxd1+ 31. Bxd1 Bc1 32. a4 Ba3 33. Ne5 Be8 34. Nd3 Bc6 35. Bb3 f6 36. Ke2 Be4 37. Nc5 Bc6 38. Ne6+ Ke7 39. Nxg7 Bxb4 40. Ne6 b5 41. Nd4 Be8 42. axb5 Bxb5+ 43. Nxb5 axb5 44. f4 Bc3 45. h4 b4 46. g5 fxg5 47. fxg5 hxg5 48. hxg5 Bh8 49. Kf3 Bc3 50. Kg4 Kf8 51. f6 Be5 52. Kf5 Bd4 53. g6 1-0

[Event "Teplice op 5th"]
[Site "Teplice"]
[Date "2010.06.14"]
[Round "3"]
[White "Hellinger, Jan"]
[Black "Kudela, Stanislav"]
[Result "0-1"]
[WhiteElo "1625"]
[BlackElo "1996"]
[PlyCount "158"]
[EventDate "2010.06.12"]
[EventType "swiss"]
[EventRounds "9"]
[EventCountry "CZE"]
[SourceTitle "CBM 136 Extra"]
[Source "ChessBase"]
[SourceDate "2010.07.02"]
[SourceVersion "2"]
[SourceVersionDate "2010.07.15"]
[SourceQuality "1"]

1. d4 e6 2. c4 Nf6 3. Nc3 Bb4 4. Qc2 d5 5. a3 Bxc3+ 6. Qxc3 Nc6 7. Bg5 dxc4 8. e3 Qd5 9. Bxf6 gxf6 10. Qxc4 Qxc4 11. Bxc4 e5 12. d5 Ne7 13. e4 Bd7 14. Ne2 f5 15. f3 Rg8 16. Kf2 Rg6 17. Nc3 a6 18. Rad1 Nc8 19. Rhe1 f6 20. Bd3 Nd6 21. Rc1 Rc8 22. Ne2 fxe4 23. fxe4 Bb5 24. Bc2 Bxe2 25. Rxe2 Ke7 26. b3 Nb5 27. a4 Nd4 28. Re3 Kd6 29. Bd1 Rg7 30. Rcc3 f5 31. Bf3 Rf8 32. Ke1 Rfg8 33. Kd2 Nxf3+ 34. gxf3 Rg2+ 35. Re2 Rxe2+ 36. Kxe2 Rg2+ 37. Kd3 Rxh2 38. exf5 Rh4 39. Rc4 Rh5 40. Ke4 Rh6 41. Rc1 Rh4+ 42. Ke3 Rf4 43. Rh1 Rxf5 44. Rxh7 Rf4 45. Rh1 Rb4 46. Rb1 Kxd5 47. Kd3 c5 48. Kc3 Rf4 49. Rd1+ Kc6 50. Rd3 Rd4 51. Re3 Kd5 52. a5 Rb4 53. Re1 Rb5 54. Ra1 e4 55. fxe4+ Kxe4 56. Kc4 Ke5 57. Re1+ Kd6 58. Rd1+ Kc6 59. Ra1 Rb4+ 60. Kc3 Kb5 61. Ra3 Rh4 62. Ra1 c4 63. bxc4+ Rxc4+ 64. Kd3 Ra4 65. Rb1+ Kc6 66. Rc1+ Kd6 67. Rb1 Kc7 68. Rc1+ Kd7 69. Rb1 Kc7 70. Rc1+ Kb8 71. Rc5 Rb4 72. Kc3 Rb1 73. Rh5 Kc7 74. Kc2 Rb5 75. Rxb5 axb5 76. Kb3 Kd6 77. Kc3 Kc5 78. Kb3 b4 79. Ka4 Kc4 0-1